Mazurca para dos muertos / (Registro nro. 9680)

Detalles MARC
000 -LIDER
fixed length control field 00778nam a22002657a 4500
001 - NÚMERO DE CONTROL
Identificador de número de control 00235
003 - IDENTIFICACDOR DE NÚMERO DE CONTROL
control field DO-SdBNP
005 - DATE AND TIME OF LATEST TRANSACTION
control field 20180205095502.0
007 - CAMPOS FIJOS DE DESCRIPCIÓN FÍSICA
fixed length control field 00235
008 - ELEMENTOS DE LONGITUD FIJA
fixed length control field 160411b 1989 sp ||||| |||| 00| 0 spa d
020 ## - ISBN
International Standard Book Number 9503700388
040 ## - FUENTE DE CATALOGACIÓN
Enlace BPMSU
Campo enlazado y núm. de secuencia spa
Agencia que crea de manera original el registro BPMSU
Agencia que realiza la transcripción rcd
100 ## - ASIENTO PRINCIPAL -- NOMBRE PERSONAL
Nombre personal Cela, Camilo José,
Fechas asociadas con el nombre 1916-2002.
245 ## - MENCIÓN DE TITULO
Título Mazurca para dos muertos /
Mención de responsabilidad Camilo José Cela
250 ## - MENCIÓN DE EDICION
Mención de edición 2a. ed.
260 ## - PUBLICACIÓN, DISTRIBUCIÓN, ETC. (PIE DE IMPRENTA)
Lugar de publicación, distribución, etc Barcelona :
Nombre del editor, distribuidor, etc. Seix Barral,
Fecha de publicación, distribución, etc 1984
300 ## - DESCRIPCIÓN FÍSICA
Extensión 266 p. :
Otros detalles físicos mapas ;
Dimensiones 19 cm.
490 ## - MENCIÓN DE SERIES
Mención de serie Biblioteca breve
500 ## - NOTA GENERAL
Nota general Incluye datos biográficos del autor en la contracubierta
504 ## - NOTA DE BIBLIOGRAFÍA, ETC.
Bibliography, etc Glosario : p. 257-266.
830 ## - ASIENTO SECUNDARIO DE SERIE--TÍTULO UNIFORME
Título uniforme Biblioteca breve
942 ## - ADDED ENTRY ELEMENTS (KOHA)
Source of classification or shelving scheme Dewey Decimal Classification
Koha item type Libros
945 ## - INFORMACIÓN DE PROCESAMIENTO LOCAL
Información de procesamiento local Inventariado,2018/MFF
956 ## - LOCAL ELECTRONIC LOCATION AND ACCESS (OCLC)
Método de acceso VMATEO
Materiales especificados 10
Enlace 20160411
Campo enlazado y núm. de secuencia BPMSU
Nombre de host 0069
Existencias
Withdrawn status Lost status Source of classification or shelving scheme Damaged status Not for loan Collection code Home library Current library Date acquired Source of acquisition Total Checkouts Barcode Date last seen Price effective from Koha item type
    Dewey Decimal Classification     Colección Dominicana Biblioteca Pública Metropolitana Salomé Ureña Biblioteca Pública Metropolitana Salomé Ureña 04/11/2016 FUNDI   BPMSU16040296 04/11/2016 04/11/2016 Libros